000 01094nam0a22002771 4500
001 rc\2370419
005 20250623053649.0
035 _a(NLR Aleph) 006600258
090 _a7240230
_c7240230
100 _a20110829d1976 |||y0rusy50 ca
101 0 _arus
102 _aRU
105 _aa z |||||
200 1 _aИсследование линейных динамических объектов с помощью передаточных функций
_eМетод. пособие
_fМ-во высш. и сред. спец. образ. РСФСР. Казан. хим.-технол. ин-т им. С.М. Кирова
210 _aКазань
_cБ. и.
_d1976
215 _a24, [7] с.
_cсхем.
_d21
320 _aБиблиогр.: с. 24
700 1 _aВалеев
_bН.Н.
_gНаиль Нурмухамедович
701 1 _aКропачев
_bВ.Ф.
_gВячеслав Филиппович
801 0 _aRU
_bNLR
_gpsbo
801 1 _aRU
_bELAR
_2rusmarc
852 _aNLR
_j77-4/3936
899 _aRuMoRGB
_jБ 76-56/3666
899 _aRuMoRGB
_jБ 76-56/3667
942 _cBOOK
980 _aNB